书目信息 |
| 题名: |
技术经济学
|
|
| 作者: | 冯勤 , 欧阳仲健 , 吴添祖 主编 | |
| 分册: | ||
| 出版信息: | 北京 清华大学出版社 2004.9 |
|
| 页数: | 500页 | |
| 开本: | 24cm | |
| 丛书名: | ||
| 单 册: | ||
| 中图分类: | F062.4 | |
| 科图分类: | ||
| 主题词: | 技术经济学--ji shu jing ji xue | |
| 电子资源: | ||
| ISBN: | 7-302-09458-6 | |
| 000 | 00945nam0 2200253 45 | |
| 001 | 012005000794 | |
| 005 | 20061012103807.76 | |
| 010 | @a7-302-09458-6@dCNY43.00 | |
| 100 | @a20050305e20052004em y0chiy0121 ea | |
| 101 | 0 | @achi |
| 102 | @aCN@b110000 | |
| 105 | @afk z 000yy | |
| 200 | 1 | @a技术经济学@Aji shu jing ji xue@f吴添祖,冯勤,欧阳仲健主编 |
| 210 | @a北京@c清华大学出版社@d2004.9@h2005.1重印 | |
| 215 | @a500页@c图@d24cm | |
| 320 | @a有书目(第499-500页) | |
| 330 | @a本书借鉴国内外相关学科知识,结合我国目前国情,系统全面地介绍了技术经济的理论、方法与实践,内容包括:经济性评价基本要素、资金的时间价值、经济性评价方法、不确定性评价法、建设项目可行性研究、设备的技术经济分析等。 | |
| 606 | 0 | @a技术经济学@Aji shu jing ji xue |
| 690 | @aF062.4@v4 | |
| 701 | 0 | @a冯勤@Afeng qin@4主编 |
| 701 | 0 | @a欧阳仲健@Aou yang zhong jian@4主编 |
| 701 | 0 | @a吴添祖@Awu tian zu@4主编 |
| 801 | 0 | @aCN@c20061012 |
| 905 | @a10447@dF062.4@eW870 | |
| 技术经济学/吴添祖,冯勤,欧阳仲健主编.-北京:清华大学出版社,2004.9(2005.1重印) |
| 500页:图;24cm |
| ISBN 7-302-09458-6:CNY43.00 |
| 本书借鉴国内外相关学科知识,结合我国目前国情,系统全面地介绍了技术经济的理论、方法与实践,内容包括:经济性评价基本要素、资金的时间价值、经济性评价方法、不确定性评价法、建设项目可行性研究、设备的技术经济分析等。 |
| ● |
| 相关链接 |
|
|
|
正题名:技术经济学
索取号:F062.4/W870
 
预约/预借
| 序号 | 登录号 | 条形码 | 馆藏地/架位号 | 状态 | 备注 |
| 1 | 549490 | 205494909 | 社科库409/409社科库 65排1列5层/ [索取号:F062.4/W870] | 在馆 | |
| 2 | 549491 | 205494918 | 社科库409/409社科库 65排1列5层/ [索取号:F062.4/W870] | 在馆 |